Biblioteca

Místicos españoles del siglo 16 : Consideraciones sobre el Misticismo. Biografías, literatura e idearios de Juan de Avila, Luis de Granada, Teresa de Jesús, Luis de León, Juan de la Cruz, Juan de Valdés y Constantino Ponce de la Fuente / Cl. Gutiérrez Marín (Registro nro. 32721)

Detalles MARC
000 -LÍDER
Campo fijo de descripción fija 009300000a22001930004500
041 0# - CÓDIGO DE IDIOMA
Código de idioma para texto/pista de sonido o título separado
082 04 - NÚMERO DE CLASIFICACIÓN DECIMAL DEWEY
Número de clasificación G 189.5 G9847m
001 - NÚMERO DE CONTROL
Campo de control 1398
100 1# - ASIENTO PRINCIPAL--NOMBRE PERSONAL
Nombre personal Gutiérrez Marín, Claudio
245 10 - TÍTULO
Título del Material Místicos españoles del siglo 16 : Consideraciones sobre el Misticismo. Biografías, literatura e idearios de Juan de Avila, Luis de Granada, Teresa de Jesús, Luis de León, Juan de la Cruz, Juan de Valdés y Constantino Ponce de la Fuente / Cl. Gutiérrez Marín
260 ## - PUBLICACIÓN, DISTRIBUCIÓN, ETC. (PIE DE IMPRENTA)
Lugar de publicación, distribución, etc. México D.F., México : Casa Unida de Publicaciones
300 ## - DESCRIPCIÓN FÍSICA
Extensión 241 Pag.
336 ## - CONTENT TYPE
Content type term texto
Content type code txt
Source rdacontent
337 ## - MEDIA TYPE
Source rdamedia
Media type term sin mediación
Media type code n
338 ## - CARRIER TYPE
Source rdacarrier
Carrier type term volumen
Carrier type code nc
505 00 - NOTA DE CONTENIDO
Nota de contenido con formato preestablecido consideraciones sobre el misticismo -- galería mística -- Juan de Ávila -- Luis de Granada -- Teresa de Jesús -- Luis de León -- Juan de la Cruz -- Juan de Valdés -- Constantino Ponce de la Fuente
650 14 - ASIENTO SECUNDARIO DE MATERIA - TERMINO TEMÁTICO
Término temático o nombre geográfico como elemento de entrada MISTICISMO
942 ## - TIPO DE MATERIAL (KOHA)
Tipo de Item KOHA Libros General
Existencias
Estado de Material Estado de Perdido Estado de Dañado No para Préstamo Colección Tomo Biblioteca de Origen Biblioteca Permanente Fecha de Adquisición Total de Préstamos Signatura Topográfica Código de Barras Última vez visto Ejemplar/Existencia Fecha de Remplazo Tipo de Material Última vez Préstado
        Colección General   Biblioteca FUSBC Biblioteca FUSBC 15/10/2004   G 189.5 G9847m 7298 12/12/2019 1 26/01/2016 Libros General  
        Colección General   Biblioteca FUSBC Biblioteca FUSBC 15/10/2004 1 G 189.5 G9847m 861 12/12/2019 2 26/01/2016 Libros General 14/07/2017

Biblioteca FUSBC | Teléfono: (57+4) 349 88 10 Ext. 141| WhatsApp (+57) 3005338115 
E-mail: biblioteca@unisbc.edu.co | Calle 76 87-14 Robledo Palenque, Medellín, Colombia

Con tecnología Koha